000 00756nam a2200205 a 4500
008 060608s2006 ||||||||||||||||| || u
050 _aIBRD(08)PRWP/3826
100 _aJacoby, Hanan G
245 1 0 _aIncomplete contracts and investment
246 _aa study of land tenancy in pakistan
260 _aWashington D.C
_bWorld Bank
_c2006
300 _a34p. ; ill.
350 _a0.00
490 _aWorld Bank policy research working papers
650 _aLAND TENANCY--PAKISTAN
650 _aCONTRACTS AND INVESTMENTS
650 0 _aECONOMICS
700 _aMansurir, Ghazala
995 _D0.00
_FCBU-MAIN LIBRARY (Kitwe)
_H1
_I0.00
_M1
_UAVAILABLE
_WJun 8, 2006
_ZInternational Publications
999 _c46595
_d46595